<?xml version="1.0" encoding="UTF-8"?><?xml-stylesheet type="text/xsl" href="static/style.xsl"?><OAI-PMH xmlns="http://www.openarchives.org/OAI/2.0/" xmlns:xsi="http://www.w3.org/2001/XMLSchema-instance" xsi:schemaLocation="http://www.openarchives.org/OAI/2.0/ http://www.openarchives.org/OAI/2.0/OAI-PMH.xsd"><responseDate>2026-04-19T06:35:44Z</responseDate><request verb="GetRecord" identifier="oai:riubu.ubu.es:10259/5269" metadataPrefix="marc">https://riubu.ubu.es/oai/request</request><GetRecord><record><header><identifier>oai:riubu.ubu.es:10259/5269</identifier><datestamp>2024-05-17T10:09:47Z</datestamp><setSpec>com_10259_5501</setSpec><setSpec>com_10259_5086</setSpec><setSpec>com_10259_2604</setSpec><setSpec>col_10259_5502</setSpec></header><metadata><record xmlns="http://www.loc.gov/MARC21/slim" xmlns:doc="http://www.lyncode.com/xoai" xmlns:xsi="http://www.w3.org/2001/XMLSchema-instance" xmlns:dcterms="http://purl.org/dc/terms/" xsi:schemaLocation="http://www.loc.gov/MARC21/slim http://www.loc.gov/standards/marcxml/schema/MARC21slim.xsd">
<leader>00925njm 22002777a 4500</leader>
<datafield tag="042" ind1=" " ind2=" ">
<subfield code="a">dc</subfield>
</datafield>
<datafield tag="720" ind1=" " ind2=" ">
<subfield code="a">Aldred, Rachel</subfield>
<subfield code="e">author</subfield>
</datafield>
<datafield tag="720" ind1=" " ind2=" ">
<subfield code="a">García Herrero, Susana</subfield>
<subfield code="e">author</subfield>
</datafield>
<datafield tag="720" ind1=" " ind2=" ">
<subfield code="a">Anaya Boig, Esther</subfield>
<subfield code="e">author</subfield>
</datafield>
<datafield tag="720" ind1=" " ind2=" ">
<subfield code="a">Herrera, Sixto</subfield>
<subfield code="e">author</subfield>
</datafield>
<datafield tag="720" ind1=" " ind2=" ">
<subfield code="a">Mariscal Saldaña, Miguel Ángel</subfield>
<subfield code="e">author</subfield>
</datafield>
<datafield tag="260" ind1=" " ind2=" ">
<subfield code="c">2019-12</subfield>
</datafield>
<datafield tag="520" ind1=" " ind2=" ">
<subfield code="a">This study analyses factors associated with cyclist injury severity, focusing on vehicle type,&#xd;
route environment, and interactions between them. Data analysed was collected by Spanish police&#xd;
during 2016 and includes records relating to 12,318 drivers and cyclist involving in collisions with&#xd;
at least one injured cyclist, of whom 7230 were injured cyclists. Bayesian methods were used to&#xd;
model relationships between cyclist injury severity and circumstances related to the crash, with the&#xd;
outcome variable being whether a cyclist was killed or seriously injured (KSI) rather than slightly&#xd;
injured. Factors in the model included those relating to the injured cyclist, the route environment,&#xd;
and involved motorists. Injury severity among cyclists was likely to be higher where an Heavy&#xd;
Goods Vehicle (HGV) was involved, and certain route conditions (bicycle infrastructure, 30 kph&#xd;
zones, and urban zones) were associated with lower injury severity. Interactions exist between the&#xd;
two: collisions involving large vehicles in lower-risk environments are less likely to lead to KSIs&#xd;
than collisions involving large vehicles in higher-risk environments. Finally, motorists involved in a&#xd;
collision were more likely than the injured cyclists to have committed an error or infraction. The study&#xd;
supports the creation of infrastructure that separates cyclists from motor tra c. Also, action needs to&#xd;
be taken to address motorist behaviour, given the imbalance between responsibility and risk.</subfield>
</datafield>
<datafield tag="024" ind2=" " ind1="8">
<subfield code="a">http://hdl.handle.net/10259/5269</subfield>
</datafield>
<datafield tag="024" ind2=" " ind1="8">
<subfield code="a">10.3390/ijerph17010096</subfield>
</datafield>
<datafield tag="024" ind2=" " ind1="8">
<subfield code="a">1660-4601</subfield>
</datafield>
<datafield ind1=" " ind2=" " tag="653">
<subfield code="a">Cycling</subfield>
</datafield>
<datafield ind1=" " ind2=" " tag="653">
<subfield code="a">Road safety</subfield>
</datafield>
<datafield ind1=" " ind2=" " tag="653">
<subfield code="a">Injured cyclist</subfield>
</datafield>
<datafield ind1=" " ind2=" " tag="653">
<subfield code="a">Bayesian network</subfield>
</datafield>
<datafield ind1=" " ind2=" " tag="653">
<subfield code="a">Data mining</subfield>
</datafield>
<datafield tag="245" ind1="0" ind2="0">
<subfield code="a">Cyclist Injury Severity in Spain: A Bayesian Analysis of Police Road Injury Data Focusing on Involved Vehicles and Route Environment</subfield>
</datafield>
</record></metadata></record></GetRecord></OAI-PMH>